<?xml version="1.0" encoding="UTF-8"?>
<record
    xmlns:xsi="http://www.w3.org/2001/XMLSchema-instance"
    xsi:schemaLocation="http://www.loc.gov/MARC21/slim http://www.loc.gov/standards/marcxml/schema/MARC21slim.xsd"
    xmlns="http://www.loc.gov/MARC21/slim">

  <leader>01387nam a22002657a 4500</leader>
  <controlfield tag="005">20110725120732.0</controlfield>
  <controlfield tag="008">110725t        xxu||||| |||| 00| 0 mar d</controlfield>
  <datafield tag="010" ind1=" " ind2=" ">
    <subfield code="a">MAR-21139</subfield>
  </datafield>
  <datafield tag="020" ind1=" " ind2=" ">
    <subfield code="c">300.00</subfield>
  </datafield>
  <datafield tag="035" ind1=" " ind2=" ">
    <subfield code="a">MR-13797</subfield>
  </datafield>
  <datafield tag="037" ind1=" " ind2=" ">
    <subfield code="b">DBAD/PUB</subfield>
  </datafield>
  <datafield tag="040" ind1=" " ind2=" ">
    <subfield code="a">DPL</subfield>
    <subfield code="b">MR</subfield>
  </datafield>
  <datafield tag="082" ind1=" " ind2=" ">
    <subfield code="a">891.46309</subfield>
  </datafield>
  <datafield tag="100" ind1=" " ind2=" ">
    <subfield code="9">30018</subfield>
    <subfield code="a">&#x935;&#x93E;&#x935;&#x930;&#x947;,&#x92A;&#x94D;&#x930;&#x932;&#x94D;&#x939;&#x93E;&#x926; &#x91C;&#x917;&#x928;&#x94D;&#x928;&#x93E;&#x925;</subfield>
  </datafield>
  <datafield tag="245" ind1=" " ind2=" ">
    <subfield code="a">&#x92E;&#x930;&#x93E;&#x920;&#x940; &#x915;&#x93E;&#x926;&#x902;&#x92C;&#x930;&#x940; :</subfield>
    <subfield code="c">&#x92A;&#x94D;&#x930;&#x932;&#x94D;&#x939;&#x93E;&#x926; &#x91C;&#x917;&#x928;&#x94D;&#x928;&#x93E;&#x925; &#x935;&#x93E;&#x935;&#x930;&#x947; &#x924;&#x925;&#x93E; &#x905;&#x92D;&#x92F; &#x938;&#x941;&#x92D;&#x93E;&#x937; &#x91C;&#x94B;&#x936;&#x940;</subfield>
    <subfield code="b">&#x92A;&#x94D;&#x930;&#x935;&#x93E;&#x939; &#x935; &#x938;&#x92E;&#x940;&#x915;&#x94D;&#x937;&#x93E; /</subfield>
  </datafield>
  <datafield tag="246" ind1=" " ind2=" ">
    <subfield code="a">Marathi Kadambari : Pravah Va Sameeksha</subfield>
    <subfield code="b">by Prahlad Jagannath Vavare and Abhey Subhash Joshi</subfield>
  </datafield>
  <datafield tag="260" ind1=" " ind2=" ">
    <subfield code="a">&#x905;&#x92E;&#x930;&#x93E;&#x935;&#x924;&#x940;</subfield>
    <subfield code="b">&#x928;&#x92D; &#x92A;&#x94D;&#x930;&#x915;&#x93E;&#x936;&#x928;</subfield>
    <subfield code="c">2011</subfield>
  </datafield>
  <datafield tag="270" ind1=" " ind2=" ">
    <subfield code="a">&#x936;&#x93E;&#x92E; &#x928;&#x917;&#x930;,&#x915;&#x93E;&#x901;&#x917;&#x94D;&#x930;&#x947;&#x938; &#x928;&#x917;&#x930; &#x930;&#x94B;&#x921;,</subfield>
    <subfield code="b">&#x905;&#x92E;&#x930;&#x93E;&#x935;&#x924;&#x940;</subfield>
  </datafield>
  <datafield tag="300" ind1="3" ind2=" ">
    <subfield code="a">306&#x92A;&#x943;</subfield>
    <subfield code="c">22&#x938;&#x947;&#x92E;&#x940;(&#x905;&#x91C;&#x93F;&#x932;&#x94D;&#x926;)</subfield>
  </datafield>
  <datafield tag="650" ind1=" " ind2=" ">
    <subfield code="a">&#x92E;&#x930;&#x93E;&#x920;&#x940; &#x915;&#x93E;&#x926;&#x902;&#x92C;&#x930;&#x940;</subfield>
    <subfield code="9">30059</subfield>
    <subfield code="c">&#x938;&#x92E;&#x940;&#x915;&#x94D;&#x937;&#x93E;</subfield>
  </datafield>
  <datafield tag="650" ind1=" " ind2=" ">
    <subfield code="a">Marathi Fiction</subfield>
    <subfield code="9">30060</subfield>
    <subfield code="x">Sameeksha</subfield>
  </datafield>
  <datafield tag="700" ind1=" " ind2=" ">
    <subfield code="a">&#x91C;&#x94B;&#x936;&#x940;,&#x905;&#x92D;&#x92F; &#x938;&#x941;&#x92D;&#x93E;&#x937;</subfield>
    <subfield code="9">30092</subfield>
  </datafield>
  <datafield tag="942" ind1=" " ind2=" ">
    <subfield code="2">ddc</subfield>
    <subfield code="c">MR</subfield>
    <subfield code="m">&#x935;&#x93E;&#x935;&#x930;&#x947;</subfield>
    <subfield code="h">891.46309</subfield>
  </datafield>
  <datafield tag="999" ind1=" " ind2=" ">
    <subfield code="c">54380</subfield>
    <subfield code="d">54380</subfield>
  </datafield>
  <datafield tag="952" ind1=" " ind2=" ">
    <subfield code="0">0</subfield>
    <subfield code="1">0</subfield>
    <subfield code="2">ddc</subfield>
    <subfield code="4">0</subfield>
    <subfield code="7">1</subfield>
    <subfield code="8">NFIC</subfield>
    <subfield code="a">DBAD</subfield>
    <subfield code="b">DBAD</subfield>
    <subfield code="d">2011-07-26</subfield>
    <subfield code="e">DBAD / PUB</subfield>
    <subfield code="g">300.00</subfield>
    <subfield code="l">0</subfield>
    <subfield code="o">891.46309 &#x935;&#x93E;&#x935;&#x930;&#x947;</subfield>
    <subfield code="p">MR-13797</subfield>
    <subfield code="r">2011-07-26 00:00:00</subfield>
    <subfield code="t">1</subfield>
    <subfield code="v">300.00</subfield>
    <subfield code="w">2011-07-26</subfield>
    <subfield code="y">MR</subfield>
  </datafield>
</record>
